Eastern Utah Libraries Catalog: Duchesne, Heber, Roosevelt, & Vernal

Silver linings playbook (Record no. 91450)

MARC details
000 -LEADER
fixed length control field 03720cgm a2200841Ia 4500
001 - CONTROL NUMBER
control field ocn830881770
003 - CONTROL NUMBER IDENTIFIER
control field OCoLC
005 - DATE AND TIME OF LATEST TRANSACTION
control field 20241220134314.0
008 - FIXED-LENGTH DATA ELEMENTS--GENERAL INFORMATION
fixed length control field 130322p20132012cau122 e vleng d
007 - PHYSICAL DESCRIPTION FIXED FIELD--GENERAL INFORMATION
fixed length control field vd cvaizq
040 ## - CATALOGING SOURCE
Original cataloging agency TEFMT
Transcribing agency TEFMT
Modifying agency TEF
-- APL
-- IEP
-- GK8
-- IK2
-- CGL
-- ZLM
-- VPI
-- UINTA
024 10 - OTHER STANDARD IDENTIFIER
Standard number or code 013132597218
028 42 - PUBLISHER NUMBER
Publisher number WC59721
Source Anchor Bay Entertainment
035 ## - SYSTEM CONTROL NUMBER
System control number (OCoLC)830881770
037 ## - SOURCE OF ACQUISITION
Source of stock number/acquisition Midwest Tape
Note http://www.midwesttapes.com
041 1# - LANGUAGE CODE
Language code of text/sound track or separate title eng
-- fre
-- eng
-- spa
Language code of original and/or intermediate translations of text eng
050 #4 - LIBRARY OF CONGRESS CALL NUMBER
Classification number PN1997.2
Item number .S55 2013
082 04 - DEWEY DECIMAL CLASSIFICATION NUMBER
Classification number 791.43/72
Edition number 23
049 ## - LOCAL HOLDINGS (OCLC)
Holding library UCLB
092 ## - LOCALLY ASSIGNED DEWEY CALL NUMBER (OCLC)
Classification number 791.437
130 0# - MAIN ENTRY--UNIFORM TITLE
Uniform title Silver linings playbook (Motion picture)
9 (RLIN) 6251113
245 10 - TITLE STATEMENT
Title Silver linings playbook
Medium [videorecording] /
Statement of responsibility, etc the Weinstein Company presents ; produced by Donna Gigliotti, Bruce Cohen, Jonathan Gordon ; screenplay by David O. Russell ; directed by David O. Russell.
257 ## - COUNTRY OF PRODUCING ENTITY FOR ARCHIVAL FILMS
Country of producing entity United States.
-- naf
260 ## - PUBLICATION, DISTRIBUTION, ETC. (IMPRINT)
Place of publication, distribution, etc Beverly Hills, Calif. :
Name of publisher, distributor, etc Anchor Bay Entertainment,
Date of publication, distribution, etc [2013]
300 ## - PHYSICAL DESCRIPTION
Extent 1 videodisc (122 min.) :
Other physical details sd., col. ;
Dimensions 4 3/4 in.
336 ## - Content Type
Content type term two-dimensional moving image
337 ## - Media type
Media type term video
338 ## - Carrier type
Carrier type term videodisc
344 ## -
-- digital
-- optical
-- surround
347 ## -
-- video file
-- DVD video
-- rda
380 ## -
-- Motion picture
538 ## - SYSTEM DETAILS NOTE
System details note DVD, region 1, anamorphic widescreen (2.40:1) presentation, Dolby Digital 5.1.
546 ## - LANGUAGE NOTE
Language note English or dubbed French dialogue, optional Spanish subtitles. Subtitled for the deaf and hard of hearing.
511 1# - PARTICIPANT OR PERFORMER NOTE
Participant or performer note Bradley Cooper, Jennifer Lawrence, Robert De Niro, Jacki Weaver, Anupam Kher, Chris Tucker.
508 ## - CREATION/PRODUCTION CREDITS NOTE
Creation/production credits note Director of photography, Masanobu Takayanagi ; editors, Jay Cassidy, Crispin Struthers ; music, Danny Elfman.
500 ## - GENERAL NOTE
General note Originally released as a motion picture in 2012.
500 ## - GENERAL NOTE
General note Based on the novel by Matthew Quick.
521 8# - TARGET AUDIENCE NOTE
Target audience note MPAA rating: R; for language and some sexual content/nudity.
520 ## - SUMMARY, ETC.
Summary, etc The story of how a man who has lost everything, his house, his job, his wife, reconnects with himself and creates his own silver linings from the bonds he forms with his family and friends.
650 #0 - SUBJECT ADDED ENTRY--TOPICAL TERM
Topical term or geographic name as entry element Divorced men
Form subdivision Drama.
9 (RLIN) 6467577
650 #0 - SUBJECT ADDED ENTRY--TOPICAL TERM
Topical term or geographic name as entry element Widows
Form subdivision Drama.
9 (RLIN) 5724923
650 #0 - SUBJECT ADDED ENTRY--TOPICAL TERM
Topical term or geographic name as entry element Depression, Mental
Form subdivision Drama.
9 (RLIN) 6513352
650 #0 - SUBJECT ADDED ENTRY--TOPICAL TERM
Topical term or geographic name as entry element Denial (Psychology)
Form subdivision Drama.
9 (RLIN) 6516506
650 #0 - SUBJECT ADDED ENTRY--TOPICAL TERM
Topical term or geographic name as entry element Man-woman relationships
Form subdivision Drama.
9 (RLIN) 5673977
650 #0 - SUBJECT ADDED ENTRY--TOPICAL TERM
Topical term or geographic name as entry element Ballroom dancing
General subdivision Competitions
Form subdivision Drama.
9 (RLIN) 6516507
650 #7 - SUBJECT ADDED ENTRY--TOPICAL TERM
Topical term or geographic name as entry element Divorciados
Form subdivision Teatro.
Source of heading or term bidex
9 (RLIN) 6516508
650 #7 - SUBJECT ADDED ENTRY--TOPICAL TERM
Topical term or geographic name as entry element Viudas
Form subdivision Teatro.
Source of heading or term bidex
9 (RLIN) 6515667
655 #7 - INDEX TERM--GENRE/FORM
Genre/form data or focus term Dark comedy films.
Source of term lcgft
9 (RLIN) 5695935
655 #7 - INDEX TERM--GENRE/FORM
Genre/form data or focus term Romantic comedy films.
Source of term lcgft
9 (RLIN) 6251120
655 #7 - INDEX TERM--GENRE/FORM
Genre/form data or focus term Feature films.
Source of term lcgft
9 (RLIN) 6251121
655 #7 - INDEX TERM--GENRE/FORM
Genre/form data or focus term Fiction films.
Source of term lcgft
9 (RLIN) 6251122
655 #7 - INDEX TERM--GENRE/FORM
Genre/form data or focus term Video recordings for the hearing impaired.
Source of term lcgft
9 (RLIN) 6251123
700 1# - ADDED ENTRY--PERSONAL NAME
Personal name Gigliotti, Donna.
9 (RLIN) 58264
700 1# - ADDED ENTRY--PERSONAL NAME
Personal name Cohen, Bruce,
Dates associated with a name 1961-
9 (RLIN) 5777491
700 1# - ADDED ENTRY--PERSONAL NAME
Personal name Gordon, Jonathan
Fuller form of name (Jon)
9 (RLIN) 6176916
700 1# - ADDED ENTRY--PERSONAL NAME
Personal name Russell, David O.,
Dates associated with a name 1958-
9 (RLIN) 45954
700 1# - ADDED ENTRY--PERSONAL NAME
Personal name Cooper, Bradley.
9 (RLIN) 70765
700 1# - ADDED ENTRY--PERSONAL NAME
Personal name Lawrence, Jennifer,
Dates associated with a name 1990-
9 (RLIN) 6251124
700 1# - ADDED ENTRY--PERSONAL NAME
Personal name De Niro, Robert.
9 (RLIN) 24781
700 1# - ADDED ENTRY--PERSONAL NAME
Personal name Weaver, Jacki,
Dates associated with a name 1947-
9 (RLIN) 5765567
700 1# - ADDED ENTRY--PERSONAL NAME
Personal name Kher, Anupam,
Dates associated with a name 1955-
9 (RLIN) 64430
700 1# - ADDED ENTRY--PERSONAL NAME
Personal name Tucker, Chris,
Dates associated with a name 1972-
9 (RLIN) 65647
700 1# - ADDED ENTRY--PERSONAL NAME
Personal name Takayanagi, Masanobu.
9 (RLIN) 6251125
700 1# - ADDED ENTRY--PERSONAL NAME
Personal name Cassidy, Jay.
9 (RLIN) 72114
700 1# - ADDED ENTRY--PERSONAL NAME
Personal name Struthers, Crispin.
9 (RLIN) 6251126
700 1# - ADDED ENTRY--PERSONAL NAME
Personal name Elfman, Danny.
9 (RLIN) 36232
700 1# - ADDED ENTRY--PERSONAL NAME
Personal name Quick, Matthew,
Dates associated with a name 1973-
Title of a work Silver linings playbook.
9 (RLIN) 6251127
710 2# - ADDED ENTRY--CORPORATE NAME
Corporate name or jurisdiction name as entry element Weinstein Company.
9 (RLIN) 73072
710 2# - ADDED ENTRY--CORPORATE NAME
Corporate name or jurisdiction name as entry element Anchor Bay Entertainment, Inc.
9 (RLIN) 62410
942 ## - ADDED ENTRY ELEMENTS (KOHA)
Koha item type DVD
994 ## -
-- C0
-- UINTA
998 ## - LOCAL CONTROL INFORMATION (RLIN)
-- a159859
Holdings
Withdrawn status Lost status Source of classification or shelving scheme Damaged status Not for loan Collection code Home library Current library Shelving location Date acquired Source of acquisition Cost, normal purchase price Total Checkouts Total Renewals Full call number Barcode Date last seen Date checked out Cost, replacement price Price effective from Koha item type
    Dewey Decimal Classification     Movies Wasatch County Library Wasatch County Library Audio Visual Area 05/04/2013 Amazon 15.95 57 7 DVD Sil 34301001233685 11/17/2025 11/13/2025 15.95 03/20/2020 DVD
This project was made possible through a grant from the Institute of Museum and Library Service administered by the Utah State Library Division.

Wasatch County Library

  • 465 East 1200 South, Heber City, Utah 84032
  • Phone 435-654-1511 | Fax 435-654-6456

Hours

  • Monday - Friday 9:30 AM - 8:00 PM
  • Saturday 9:30 AM - 1:30 PM
  • Closed Sundays and Holidays